Sex and sexuality / (Record no. 78911)
[ view plain ]
| 000 -LEADER | |
|---|---|
| fixed length control field | 00578nam a2200217 a 4500 |
| 001 - CONTROL NUMBER | |
| control field | 78911 |
| 003 - CONTROL NUMBER IDENTIFIER | |
| rucl marc code | BD-RjUL |
| 005 - DATE AND TIME OF LATEST TRANSACTION | |
| control field | 20211209083204.0 |
| 008 - FIXED-LENGTH DATA ELEMENTS--GENERAL INFORMATION | |
| fixed length control field | 211129s1997 ii ||||| |||| 00| 0 eng d |
| 020 ## - INTERNATIONAL STANDARD BOOK NUMBER | |
| International Standard Book Number | 8185989060 |
| 035 ## - SYSTEM CONTROL NUMBER | |
| System control number | (BD-RjUL)79138 |
| 040 ## - CATALOGING SOURCE | |
| Original cataloging agency | BD-RjUL |
| Language of cataloging | eng |
| Transcribing agency | BD-RjUL |
| 041 ## - LANGUAGE CODE | |
| Language code of text/sound track or separate title | eng |
| 082 ## - DEWEY DECIMAL CLASSIFICATION NUMBER | |
| Edition number | 23 |
| Classification number | 306.7 |
| Author mark and year | GUS 1997 |
| 100 ## - MAIN ENTRY--PERSONAL NAME | |
| Personal name | Gupta, L. C. |
| 9 (RLIN) | 250709 |
| 245 ## - TITLE STATEMENT | |
| Title | Sex and sexuality / |
| Statement of responsibility, etc. | L.C. Gupta. |
| 300 ## - PHYSICAL DESCRIPTION | |
| Pagination | 375 pages : |
| Illustrations | illustrations ; |
| Size | 22 cm. |
| 650 ## - SUBJECT ADDED ENTRY--TOPICAL TERM | |
| Topical term or geographic name as entry element | Sex |
| 9 (RLIN) | 250710 |
| Topical term or geographic name as entry element | Sexual behavior surveys |
| Geographic subdivision | India. |
| 9 (RLIN) | 250711 |
| 942 ## - ADDED ENTRY ELEMENTS (KOHA) | |
| Source of classification or shelving scheme | Dewey Decimal Classification |
| Koha item type | Books |
| Lost status | Source of classification or shelving scheme | Damaged status | Not for loan | Collection code | Permanent Location | Current Location | Shelving location | Date acquired | Source of acquisition | Cost, normal purchase price | Total Checkouts | Full call number | Date last seen | Copy number | Koha item type |
|---|---|---|---|---|---|---|---|---|---|---|---|---|---|---|---|
| Dewey Decimal Classification | Not For Loan | Non-fiction | Central Library, University of Rajshahi | Central Library, University of Rajshahi | Reading Room | 16/09/1999 | New Delhi, UBSPD | 150.00 | 306.7 GUS 1997 | 29/11/2021 | C-1 | Books |